000 00774nam a22001937a 4500
999 _c51864
_d51864
005 20220105102005.0
008 s2539 th tha d
040 _aNALT
041 _atha
090 _aว KD 241
_bจ167ว 2539
100 0 _aจริยา เจียมวิจิตร
_946307
245 1 0 _aวุฒิสภากับความมั่นคงแห่งชาติ /
_cจริยา เจียมวิจิตร.
260 _aกรุงเทพฯ :
_bวิทยาลัยป้องกันราชอาณาจักร,
_c2539.
300 _a77 หน้า :
_bตาราง ;
_c28 ซม.
610 2 0 _aวุฒิสภา
_zไทย
_918308
850 _aNALT
942 _cRSH
_2local
998 _j104
_k สายฝน ดีงาม